Statistics for evermore - Taylor Swift (All Lyrics)

Click here to take the quiz!

General Stats

  • This quiz has been taken 53 times
    (24 since last reset)
  • The average score is 277 of 346

Answer Stats

Lyrics% Correct
a
100%
be
100%
I
100%
been
95%
can
95%
(Can
95%
down
95%
(Evermore)
95%
Evermore
95%
evermore
95%
for
95%
I've
95%
July
95%
November
95%
since
95%
the
95%
an
91%
(Can't
91%
Can't
91%
Gray
91%
of
91%
That
91%
that
91%
This
91%
this
91%
To
91%
to
91%
(To
91%
would
91%
(All
86%
all
86%
feeling
86%
my
86%
pain
86%
so
86%
think
86%
used
86%
we
86%
What
86%
where
86%
will
86%
And
82%
bad
82%
cost
82%
cost)
82%
each
82%
fight
82%
find
82%
had
82%
I'm
82%
(I'm
82%
In
82%
in
82%
light
82%
lost
82%
me
82%
Put
82%
remember
82%
Trying
82%
was
82%
when
82%
You
82%
you
82%
capture
77%
could
77%
couldn't
77%
footsteps
77%
Is
77%
(Is
77%
is
77%
Motion
77%
not
77%
on
77%
On
77%
peculiar
77%
step
77%
stepping
77%
stone
77%
went
77%
wrong
77%
again)
73%
again
73%
breath
73%
but
73%
But
73%
catchin'
73%
death
73%
December
73%
does
73%
fire
73%
get
73%
it
73%
It
73%
just
73%
one
73%
open
73%
(Out
73%
out
73%
sure
73%
window,
73%
Barefoot
68%
certain
68%
cross?
68%
cross?)
68%
days
68%
days)
68%
double
68%
Guess
68%
Hey,
68%
letters
68%
replay
68%
thought
68%
very
68%
we'll
68%
wouldn't
68%
Writing
68%
Addressed
64%
crossed
64%
dreamed
64%
go
64%
pause
64%
pause?
64%
pause?)
64%
rewind
64%
Sending
64%
signals
64%
Starin'
64%
tall
64%
tape,
64%
weather
64%
wildest
64%
winter,
64%
being
59%
dog
59%
frost
59%
frost)
59%
moment
59%
Oh,
59%
(Or
59%
Or
59%
things
59%
unmoored
59%
(Whether
59%
Whether
59%
shipwrecked
55%
there
55%
tossed)
55%
tossed
55%
waves,
55%
through
50%
under
50%
cabin
45%
enough
45%
Floors
45%
line
45%
now)
45%
real
45%
swear
45%
violence
45%
cracks
41%
creakin'
41%
were
41%
(If
27%

Score Distribution

Percentile by Number Answered

Percent of People with Each Score

Your Score History

You have not taken this quiz since the last reset